Giáo trình trồng trọt Dùng cho học sinh khoa sinh các trường đại học sư phạm
Sparad:
| Institutionell upphovsman: | |
|---|---|
| Materialtyp: | Bok |
| Språk: | Vietnamese |
| Publicerad: |
H.
1975
|
| Ämnen: | |
| Taggar: |
Lägg till en tagg
Inga taggar, Lägg till första taggen!
|
| Thư viện lưu trữ: | Mạng thư viện Đại học Đà Nẵng |
|---|
| LEADER | 00952nam a2200289 4500 | ||
|---|---|---|---|
| 001 | 000009165 | ||
| 003 | 5360 | ||
| 005 | 20111025101004.0 | ||
| 008 | 111025s1975 viesd | ||
| 041 | 0 | |a vie | |
| 082 | |a 631 |b Gia | ||
| 110 | |a Bộ giáo dục | ||
| 245 | 0 | |a Giáo trình trồng trọt |b Dùng cho học sinh khoa sinh các trường đại học sư phạm | |
| 260 | |a H. |c 1975 | ||
| 300 | |a 311tr. |c 27 cm | ||
| 500 | |a Tài liệu lưu hành nội bộ | ||
| 653 | |a Trồng trọt | ||
| OWN | |a LSP | ||
| AVA | |a UDN50 |b LSP |d 631 Gia |e unavailable |t Error 5002 Not defined in file expand_doc_bib_avail. |f 1 |g 1 |h N |i 0 |k 1 | ||
| 999 | |a From the UDN01 | ||
| AVA | |a UDN50 |b LSP |d 631 Gia |e unavailable |t Error 5002 Not defined in file expand_doc_bib_avail. |f 1 |g 1 |h N |i 0 |k 1 | ||
| TYP | |a Monograph | ||
| TYP | |a Printed language | ||
| 980 | |a Mạng thư viện Đại học Đà Nẵng | ||